| 000 | 00969nam a2200313 a 4500 | ||
|---|---|---|---|
| 001 | 016229101 | ||
| 003 | Uk | ||
| 005 | 20131102101152.0 | ||
| 008 | 130501s2013 enkab rb 001 0 eng c | ||
| 015 |
_aGBB2C4668 _2bnb |
||
| 020 | _a0199662665 | ||
| 020 | _a9780199662661 | ||
| 035 | _a(StEdNL)4957722 | ||
| 040 |
_aStDuBDS _beng _cStDuBDS _dStEdNL |
||
| 042 | _aukscp | ||
| 082 | 0 | 4 |
_a337 _222 _bSTE |
| 100 | 1 |
_aSteger, Manfred B., _d1961- _923890 |
|
| 245 | 1 | 0 |
_aGlobalization : _ba very short introduction / _cManfred B. Steger. |
| 250 | _a3rd ed. | ||
| 260 |
_aOxford : _bOxford University Press, _c2013. |
||
| 300 |
_axviii, 151 p. : _bill., maps ; _c18 cm. |
||
| 490 | 1 |
_aVery short introductions ; _v86 |
|
| 504 | _aIncludes bibliographical references (p. 139-145) and index. | ||
| 650 | 0 |
_aGlobalization. _934349 |
|
| 653 |
_bEco _cNovember2013 |
||
| 655 |
_vreading book _934232 |
||
| 830 | 0 |
_aVery short introductions ; _v86. _923891 |
|
| 942 |
_2ddc _cBB |
||
| 999 |
_c17725 _d17697 |
||